000 00449nam a22001697a 4500
005 20160701152940.0
008 160701b xxu||||| |||| 00| 0 eng d
020 _a81-219-2660-2
041 _aeng
082 _b20679
100 _aTheraja B L & AK
_93309
245 _aFundamental of electrical engineering & electronics
260 _aNew Delhi
_bSultan Chand & Sons,
_c2014
300 _a823
650 _aDiploma Engineering
_9817
942 _cBK
999 _c5113
_d5111